LEADER 00871nam0 2200265 450 001 000025089 005 20090326170301.0 010 $a0-02-315660-0 100 $a20090326d1983----km-y0itay50------ba 101 0 $aeng 102 $aUS 105 $ay-------001yy 200 1 $aPublic finance and the price system$fEdgar K. Browning, Jacquelene M. Browning 205 $a2nd ed. 210 $aNew York$cMacmillan$d1983 215 $aXVIII, 526 p.$d24 cm 500 10$aPublic finance system and the price system$944331 676 $a336.73$v20$9Finanza pubblica. Stati Uniti d'America 700 1$aBrowning,$bEdgar K.$0519317 701 1$aBrowning,$bJacqueline M.$0545311 801 0$aIT$bUNIPARTHENOPE$c20090326$gRICA$2UNIMARC 912 $a000025089 951 $a324/53$b5842$cNAVA2 996 $aPublic finance system and the price system$944331 997 $aUNIPARTHENOPE LEADER 00991nam a22002411i 4500 001 991003037309707536 005 20040518150714.0 008 040624s1985 gw |||||||||||||||||ger 020 $a3406305520 (errato) 035 $ab13014754-39ule_inst 035 $aARCHE-097243$9ExL 040 $aDip.to Beni Culturali$bita$cA.t.i. Arché s.c.r.l. Pandora Sicilia s.r.l. 100 1 $aRaaflaub, Kurt A.$0154102 245 14$aDie Entdeckung der Freiheit :$bzur historischen Semantik und Gesellschaftsgeschichte eines politischen Grundbegriffes der Griechen /$cKurt Raaflaub 260 $aMunchen :$bC.H. Beck,$c1985 300 $aXXVI, 347 p. ;$c24 cm 440 0$aVestigia ;$v37 907 $a.b13014754$b02-04-14$c12-07-04 912 $a991003037309707536 945 $aLE001 AN VII 92$g1$i2001000052455$lle001$nC. 1$o-$pE0.00$q-$rl$s- $t0$u0$v0$w0$x0$y.i13626875$z12-07-04 996 $aEntdeckung der Freiheit$946250 997 $aUNISALENTO 998 $ale001$b12-07-04$cm$da $e-$fger$ggw $h4$i1